000 01163nam a22003377a 4500
003 CHAP
005 20220329140809.0
008 971013s1984 r 00010 d
010 _a57756
011 _a58728
035 _a62884
040 _cCHAP
082 _a575.1
_bS6Y
100 0 0 _aSpide, Philip L.
_9109216
245 _aGenética aplicada
260 _aMéxico, D.F. :
_bUniversidad Nacional Autónoma de México. Facultad de Medicina Veterinaria y Zootecnia,
_c1984
300 _a219 p.
_b: ilus. ; gráfs.
490 _aPrograma del Libro de Texto Universitario
590 _aBATCH-UPD
_b10
_c20130110
_lUCH01
_h0444
590 _aBATCH-UPD
_b10
_c20130410
_lUCH01
_h0120
590 _aBATCH-UPD
_b10
_c20130914
_lUCH01
_h1535
590 _aCONVERSION
_b10
_c20130109
_lUCH01
_h1331
650 1 4 _aGenética.
_947469
700 0 _aRothschild, Max F.
_9100279
700 0 _aWundor, William W.
_9122838
830 0 _aPrograma del Libro de Texto Universitario
_992317
901 _aBK
942 _cLIBRO
949 _a575.1 S6Y
_bBC
_cLIBRO
_d-134845
_eLIBRO
_fc.2
_h66639
_i62884
_si
949 _a575.1 S6Y
_bBC
_cLIBRO
_d33724000642856
_eLIBRO
_h66658
_i62884
_si
999 _c57756
_d57756